Հաշվետվություն … ուստարի / (Record no. 129257)
[ view plain ]
| 000 -LEADER | |
|---|---|
| fixed length control field | 00963nam a2200217 a 4500 |
| 001 - CONTROL NUMBER | |
| control field | 000340781 |
| 003 - CONTROL NUMBER IDENTIFIER | |
| control field | AM-YeHGA |
| 005 - DATE AND TIME OF LATEST TRANSACTION | |
| control field | 20250618072127.0 |
| 008 - FIXED-LENGTH DATA ELEMENTS--GENERAL INFORMATION | |
| fixed length control field | 040127s2000 ai ||||gr|||||||||0|arm|d |
| 040 ## - CATALOGING SOURCE | |
| Original cataloging agency | AM-YeHGA |
| 041 0# - LANGUAGE CODE | |
| Language code of text/sound track or separate title | arm |
| 090 ## - LOCALLY ASSIGNED LC-TYPE CALL NUMBER (OCLC); LOCAL CALL NUMBER (RLIN) | |
| -- | 130621 |
| 110 2# - MAIN ENTRY--CORPORATE NAME | |
| Corporate name or jurisdiction name as entry element | Երևանի պետական համալսարան |
| 245 10 - TITLE STATEMENT | |
| Title | Հաշվետվություն … ուստարի / |
| Statement of responsibility, etc. | ԵՊՀ ; Առաջաբ.՝ Ռ.Մ. Մարտիրոսյան. |
| 260 ## - PUBLICATION, DISTRIBUTION, ETC. | |
| Place of publication, distribution, etc. | Երևան : |
| Name of publisher, distributor, etc. | Ա. հ., |
| Date of publication, distribution, etc. | 2000. |
| 300 ## - PHYSICAL DESCRIPTION | |
| Extent | թիվ ; |
| Dimensions | 29 սմ. |
| 505 10 - FORMATTED CONTENTS NOTE | |
| Miscellaneous information | 1999/2000 (2000, 295 էջ, աղյս.) ; |
| -- | 2000/2001 (2001, 317 էջ, աղյս.) ; |
| -- | 2001/2002 (2002, 363 էջ, աղյս.) ; |
| -- | 2002/2003 (2003, 361 էջ, աղյս.) ; |
| -- | 2004/2005 (2005, 403 էջ., աղս.) |
| 610 24 - SUBJECT ADDED ENTRY--CORPORATE NAME | |
| Corporate name or jurisdiction name as entry element | Երևանի պետական համալսարան |
| General subdivision | Հաշվետվություն |
| 700 1# - ADDED ENTRY--PERSONAL NAME | |
| Personal name | Մարտիրոսյան, Ռադիկ Մարտիրոսի, |
| Dates associated with a name | 1936-2025 |
| Relator term | առաջաբ. |
| Relationship | aui |
| 9 (RLIN) | 1767 |
| 942 ## - ADDED ENTRY ELEMENTS (KOHA) | |
| Source of classification or shelving scheme | Universal Decimal Classification |
| Koha item type | Գրքեր / Books |
| Withdrawn status | Lost status | Damaged status | Not for loan | Collection | Home library | Current library | Date acquired | Total checkouts | Full call number | Barcode | Date last seen | Copy number | Cost, replacement price | Price effective from | Koha item type | Public note |
|---|---|---|---|---|---|---|---|---|---|---|---|---|---|---|---|---|
| General | Fundamental Scientific Library | Fundamental Scientific Library | 22/12/2016 | AIII/7954 | FL0186018 | 22/12/2016 | 378.4(479.25) | 4000.00 | 22/12/2016 | Գրքեր / Books | 30 Days Loan |
ՀՀ Գիտությունների ազգային ակադեմիայի հիմնարար գիտական գրադարան = Fundamental Scientific Library of NAS RA
All site content, except where otherwise noted, is licensed under a